English Housing Survey (Record no. 114398)

MARC details
000 -LEADER
fixed length control field 01725cad a22002535a 4500
001 - CONTROL NUMBER
control field L156752
008 - FIXED-LENGTH DATA ELEMENTS--GENERAL INFORMATION
fixed length control field 120710s20120705xxk f 000 0 eng d
020 ## - INTERNATIONAL STANDARD BOOK NUMBER
International Standard Book Number 9781409834731
035 ## - SYSTEM CONTROL NUMBER
System control number (Sirsi) u156752
041 0# - LANGUAGE CODE
Language code of text/sound track or separate title eng
050 04 - LIBRARY OF CONGRESS CALL NUMBER
Classification number 306.1 $2 18
110 2# - MAIN ENTRY--CORPORATE NAME
Corporate name or jurisdiction name as entry element United Kingdom
Subordinate unit Department for Communities and Local Government
9 (RLIN) 4939
245 00 - TITLE STATEMENT
Title English Housing Survey
Remainder of title Households 2010-2011
Medium [electronic resource]
260 ## - PUBLICATION, DISTRIBUTION, ETC.
Place of publication, distribution, etc. London
Name of publisher, distributor, etc. DCLG
Date of publication, distribution, etc. 2012
505 2# - FORMATTED CONTENTS NOTE
Formatted contents note Tenure trends and demographic analysis -- Housing needs -- Housing aspirations -- Housing moves -- Vulnerable and disadvantaged groups
520 ## - SUMMARY, ETC.
Summary, etc. Outlines the results of the English Housing Survey of households in England for 2010-2011. Highlights characteristics of households by tenure including age, economic status, ethnicity and nationality. Types of tenure include owner occupier, social and private rented sectors. Other themes include household income and housing costs, housing needs, housing aspirations, household moves including reasons for moving, problems facing vulnerable and disadvantaged groups, satisfaction levels with accommodation and locality. Data and Annexe Tables for each chapter are available. (For EHS Homes 2010 see L156755). English Housing Survey (EHS) started in April 2008, an amalgamation of the English House Condition Survey and Survey of English Housing.
590 ## - LOCAL NOTE (RLIN)
Local note KA NTK
650 24 - SUBJECT ADDED ENTRY--TOPICAL TERM
Topical term or geographic name entry element ENGLISH HOUSE CONDITION SURVEY
650 24 - SUBJECT ADDED ENTRY--TOPICAL TERM
Topical term or geographic name entry element SURVEY OF ENGLISH HOUSING
651 #4 - SUBJECT ADDED ENTRY--GEOGRAPHIC NAME
Geographic name England
Chronological subdivision 886-
690 ## - LOCAL SUBJECT ADDED ENTRY--TOPICAL TERM (OCLC, RLIN)
Topical term or geographic name as entry element Residential property
9 (RLIN) 6266
856 40 - ELECTRONIC LOCATION AND ACCESS
Uniform Resource Identifier <a href="https://www.communities.gov.uk/publications/corporate/statistics/ehs201011householdreport">https://www.communities.gov.uk/publications/corporate/statistics/ehs201011householdreport</a>
Public note View this item free of charge at www.communities.gov.uk
942 ## - ADDED ENTRY ELEMENTS (KOHA)
Suppress in OPAC 0
Holdings
Withdrawn status Lost status Source of classification or shelving scheme Damaged status Not for loan Home library Current library Shelving location Date acquired Total Checkouts Full call number Barcode Date last seen Copy number Price effective from Koha item type
    Dewey Decimal Classification     Virtual Virtual Online 10/07/2012   ONLINE PUBLICATION 156752-2001 06/08/2019 1 06/08/2019 Book